L'union fait la force : Noms collectifs - Statistiques

Statistiques générales
  • Ce quiz a été pris 67 fois
  • Le résultat moyen est 10 sur 20
Statistiques - réponses
Un groupe de Est un % Correct
Loups Meute
100%
Billets Liasse
88%
Poissons Banc
85%
Fleurs Bouquet
85%
Îles Archipel
83%
Chatons nés en même temps Portée
77%
Criminels Gang
75%
Étoiles Constellation
68%
Guêpes Essaim
63%
Musiciens en défilé Fanfare
51%
Concubines Harem
43%
Marins Équipage
38%
Avions militaires Escadrille
35%
Envahisseurs mongols Horde
31%
Véhicules circulant ensemble Convoi
29%
Manifestants Cortège
29%
Hiboux Parlement
18%
Prêtres appartenant à un même ordre Congrégation
12%
Corbeaux Meurtre
9%
Poètes Pléiade
8%
Aucun quiz correspondant
Distribution des résultats
% des personnes avec chaque résultat
Percentile par nombre de réponses
Votre historique - résultats
Vous n’avez pas pris ce quiz